00402cam a22001097a 4500008004000000082003100040100002500071245007600096260004800172300001100220440006100231180718b1982 xxu||||| |||| 00| 0 eng d aA81x54 In2/81/16/PAP2/1982 aCensus of India 1981 aOrissa: scheduled castes and scheduled tribes (primary census abstract) aDelhibThe Controller of Publicationsc1982 a340+p. aCensus of India 1981. Series-16, Orissa. Paper-2 of 1982